• 首页
  • 本馆介绍
  • 公告通知
  • 最新文献
  • 馆藏检索
  • 电子资源
  • 读者导购
  • 参考咨询
  • 我的图书馆
  • 登录
  • 详细信息显示
  • 放入我的书架
  • 预约/预借图书
  • 作者相关作品
  • 分类相关作品
  • 丛书相关作品
  • 出版社相关作品

书目信息

  • 表格格式
  • 工作单格式
  • 卡片格式
题名:
非连续性文本教学与测评
    
 
作者: 张祖庆 , 戴一苗 编著
分册:  
出版信息: 杭州   浙江少年儿童出版社  2017.02
页数: 262页
开本: 24cm
丛书名:
单 册:
中图分类: G623.202
科图分类:
主题词: 小学语文课--教学研究
电子资源:
ISBN: 978-7-5342-9841-7
000 00971nam0 2200253 450
001 0103152658
005 20201103152732.0
010    @a978-7-5342-9841-7@dCNY39.80
100    @a20181129e20202017em y0chiy50 ea
101 0  @achi
102    @aCN@b330000
105    @aab z 000yy
106    @ar
200 1  @a非连续性文本教学与测评@Afei lian xu xing wen ben jiao xue yu ce ping@f张祖庆, 戴一苗编著
210    @a杭州@c浙江少年儿童出版社@d2017.02@h2020.01
215    @a262页@c图, 地图@d24cm
300    @a国内非连续性文本教学拓荒之作
330    @a本书所研究的文本形态可谓包罗万象,从普通的药品说明书、手工制作说明书,到地图、地铁路线、公交指示牌等,应有尽有。这些内容出现在生活的角角落落,对孩子来说,不只是阅读视野的开拓,更是生活能力的提升。
606 0  @a小学语文课@x教学研究
690    @aG623.202@v5
701  0 @a张祖庆@Azhang zu qing@c(教师)@4编著
701  0 @a戴一苗@Adai yi miao@4编著
801  0 @aCN@bBJSZM@c20201103
905    @b1257546-50@dG623.202@e1076@f5
    
    非连续性文本教学与测评/张祖庆, 戴一苗编著.-杭州:浙江少年儿童出版社,2017.02(2020.01)
    262页:图, 地图;24cm
    国内非连续性文本教学拓荒之作
    
    ISBN 978-7-5342-9841-7:CNY39.80
    本书所研究的文本形态可谓包罗万象,从普通的药品说明书、手工制作说明书,到地图、地铁路线、公交指示牌等,应有尽有。这些内容出现在生活的角角落落,对孩子来说,不只是阅读视野的开拓,更是生活能力的提升。
●
相关链接 在E读中查询图书 在五车中查询图书 在当当中查询图书 在豆瓣中查询图书


正题名:非连续性文本教学与测评     索取号:G623.202/1076         预约/预借

序号 登录号 条形码 馆藏地/架位号 状态 备注
1 1257546   212575462   第一样本阅览室/ [索取号:G623.202/1076] 在馆    
2 1257547   212575471   教育系资料室/ [索取号:G623.202/1076] 在馆    
3 1257548   212575480   教育系资料室/ [索取号:G623.202/1076] 在馆    
4 1257549   212575499   第四借阅区/ [索取号:G623.202/1076] 在馆    
5 1257550   212575505   第四借阅区/ [索取号:G623.202/1076] 在馆    
唐山师范学院图书馆 欢迎您!
大连网信软件有限公司© 版权所有